00774nam a22002297a 450000500170000001000260001702000260004303500130006903500170008203500130009903700170011203700130012908200130014210000190015524501220017426000280029627000410032430000330036550000190039860001070041770000200052420170825111114.0 a1516ENO7 ENG-114966 a9781447287452c599.00 aEN-98498 aB-615070-078 aB-667748 aDPLbKKP/Ven bDBAD/PUB a355.0092 aO'Reilly, Bill aKilling patton :cby Bill O' Reilly [and] Martin Dugardbthe strange death of World War II's most audacious general / aLondonbMacmillanc2015 bLondona20 New Wharf Road,e N I 9RR a352p.:bill.,mapsc24cm(pbk) aIncludes index a Patton, George S. (George Smith), |d 1885-1945 |x Death and burial.d1885-1945 xDeath and burial. aDugard, Martin